Anti-trust ruling means UK suits (Record no. 66138)

MARC details
000 -LEADER
fixed length control field 00715cam a2200205 4500
001 - CONTROL NUMBER
control field WB3707-01
008 - FIXED-LENGTH DATA ELEMENTS--GENERAL INFORMATION
fixed length control field 000000n2001 000 0 eng u
035 ## - SYSTEM CONTROL NUMBER
System control number (Sirsi) u110968
245 ## - TITLE STATEMENT
Title Anti-trust ruling means UK suits
260 ## - PUBLICATION, DISTRIBUTION, ETC.
Date of publication, distribution, etc. 2001
490 ## - SERIES STATEMENT
Series statement Antiques Trade Gazette
Volume/sequential designation (1475) 10 February 2001, 1&3(1)
520 ## - SUMMARY, ETC.
Summary, etc. Cases concerning commission fixing may be brought against Christie's and Sotheby's in the UK following the dismissal of three lawsuits in the USA which sought compensation for purchases in London since 1992.
590 ## - LOCAL NOTE (RLIN)
Local note WB
650 0# - SUBJECT ADDED ENTRY--TOPICAL TERM
Topical term or geographic name entry element COMMISSION FIXING
650 ## - SUBJECT ADDED ENTRY--TOPICAL TERM
Topical term or geographic name entry element AUCTIONEERS
650 ## - SUBJECT ADDED ENTRY--TOPICAL TERM
Topical term or geographic name entry element CHRISTIES
650 ## - SUBJECT ADDED ENTRY--TOPICAL TERM
Topical term or geographic name entry element SOTHERBYS
690 ## - LOCAL SUBJECT ADDED ENTRY--TOPICAL TERM (OCLC, RLIN)
Topical term or geographic name as entry element Auctioneering
9 (RLIN) 6218
942 ## - ADDED ENTRY ELEMENTS (KOHA)
Suppress in OPAC 0
Holdings
Withdrawn status Lost status Source of classification or shelving scheme Damaged status Not for loan Home library Current library Shelving location Date acquired Total Checkouts Full call number Barcode Date last seen Copy number Price effective from Koha item type
    Dewey Decimal Classification     London London News article 15/02/2001   WB3707-01 110968-1001 06/08/2019 1 06/08/2019 News article